000 00819nam a2200205 i 4500
001 46943
003 ES-MaACL
005 20230906161455.0
007 t|
008 030402q19501959sp ||||1| spa d
110 2 _aInternational Correspondence Schools.
_95267
245 1 0 _aContabilidad de los cambios extranjeros /
_cEscuelas Internacionales (International Correspondence Schools System) ; [Traducción y adaptación al Español por CEDECO. Centro Español de Enseñanza por Correspondencia].
250 _a1ª ed.
260 _aMadrid :
_bEscuelas Internacionales,
_c[195?] (
_fAldus)
300 _a2 fasc. ;
_c23 cm.
500 _aParte 1ª y 2ª.
650 4 _aCambio exterior-
_xContabilidad.
_9165714
710 2 _aCentro Español de Enseñanza por Correspondencia.
_92729
852 _aES-MaACL
_j1918-F-15-16
999 _c46943
_d46943